| 000 | 00661nam a2200205 i 4500 | ||
|---|---|---|---|
| 001 | bgj | ||
| 245 | 1 | 0 |
_aDeutsches Lesebuch : _beine Auswahl deutscher Prosa aus dem Jahrhundert 1750-1850 / _chrsg. von Hugo von Hofmannstahl (1926). |
| 260 |
_aLeipzig : _bPhilipp Reclam jun., _c1984. |
||
| 300 |
_a534, [1] s. ; _c18 cm. |
||
| 490 | 1 |
_aReclams Universal-Bibliothek _pBelltristik _v1033 |
|
| 650 | 9 | _aLiteratura niemiecka | |
| 700 | 1 | _aHOFMANNSTHAL, Hugo von. | |
| 830 |
_aReclams Universal-Bibliothek _pBelltristik |
||
| 040 | _cBPK | ||
| 041 | 0 | _ager | |
| 044 | _aDEU | ||
| 080 | _a821.112.2 | ||
| 942 | _cKS | ||
| 008 | s gw f |000 0 ger | ||
| 999 |
_c50622 _d50622 |
||
| 856 |
_uhttp://koha.tu.koszalin.pl/cgi-bin/koha/opac-detail.pl?biblionumber=50622 _yKatalog online BPK |
||